AH International Schools' Libraries

Strengths finder 2.0 / (Record no. 48866)

MARC details
000 -LEADER
fixed length control field 01705nam a2200169 4500
001 - CONTROL NUMBER
control field 14633343
020 ## - INTERNATIONAL STANDARD BOOK NUMBER
International Standard Book Number 9781595620156
100 1# - MAIN ENTRY--PERSONAL NAME
Personal name Rath, Tom,
Dates associated with a name 1975-
9 (RLIN) 64239
245 10 - TITLE STATEMENT
Title Strengths finder 2.0 /
Statement of responsibility, etc Tom Rath.
260 ## - PUBLICATION, DISTRIBUTION, ETC. (IMPRINT)
Place of publication, distribution, etc New York :
Name of publisher, distributor, etc Gallup Press,
Date of publication, distribution, etc c2007.
300 ## - PHYSICAL DESCRIPTION
Extent 175 p. ;
Dimensions 19 cm.
504 ## - BIBLIOGRAPHY, ETC. NOTE
Bibliography, etc Includes bibliographical references.
505 0# - FORMATTED CONTENTS NOTE
Formatted contents note Finding your strengths : an introduction -- Applying your strengths : the 34 themes and ideas for action. Achiever ; Activator ; Adaptability ; Analytical ; Arranger ; Belief ; Command ; Communication ; Competition ; Connectedness ; Consistency ; Context ; Deliberative ; Developer ; Discipline ; Empathy ; Focus ; Futuristic ; Harmony ; Ideation ; Includer ; Individualization ; Input ; Intellection ; Learner ; Maximizer ; Positivity ; Relator ; Responsibility ; Restorative ; Self-assurance ; Significance ; Strategic ; Woo -- VFAQ (very frequently asked question) -- Learn more.
520 ## - SUMMARY, ETC.
Summary, etc To help people uncover their talents, Gallup introduced the first version of its online assessment, StrengthsFinder, in the 2001 management book Now, Discover Your Strengths. The book has spent more than five years on bestseller lists and ignited a global conversation, while StrengthsFinder has helped millions discover their top five talents. In StrengthsFinder 2.0, Gallup unveils the new and improved version of its popular assessment and much more. Loaded with hundreds of strategies for applying your strengths, this new book and accompanying website will change the way you look at yourself-- and the world around you--forever.
650 #0 - SUBJECT ADDED ENTRY--TOPICAL TERM
Topical term or geographic name as entry element Executive ability. Performance. Success in business. Conduct of life.
9 (RLIN) 86254
942 ## - ADDED ENTRY ELEMENTS (KOHA)
Source of classification or shelving scheme
Koha item type NON FIC SECTION
Holdings
Withdrawn status Lost status Source of classification or shelving scheme Damaged status Not for loan Collection code Home library Current library Shelving location Date acquired Total Checkouts Full call number Barcode Date last seen Date checked out Price effective from Koha item type
          Siem Riep Asian Hope Secondary Library Asian Hope Secondary Library SECONDARY 04/23/2025 1 658.409 RAT 208341 01/16/2026 05/06/2025 04/23/2025 NON FIC SECTION

For any Logos Library related questions please contact Miss Art at swongnarasuk@asianhope.org.

For any Asian Hope Library related questions please contact Miss Raza at graza@asianhope.org.

Powered by Koha